Introducción a la economía social de mercado /

Guardado en:
Autor Principal: Resico, Marcelo F.
Formato: Libro
Publicado: Buenos Aires : Konrad Adenauer Stiftung, 2010.
Materias:
Etiquetas: Agregar Etiqueta
Sin Etiquetas, Sea el primero en etiquetar este registro!
LEADER 00606nam a22002055a 4500
001 CEM.cems014334
008 130507s2010##################000#0#####d
005 20210804193658.0
003 CEMS
245 1 0 |a Introducción a la economía social de mercado /  |c Marcelo F. Resico 
260 |a Buenos Aires :  |b Konrad Adenauer Stiftung,  |c 2010. 
300 |a 384 p. 
590 |a 1232.013 
020 |a 9789871285211 
100 1 |a Resico, Marcelo F. 
653 |a Economía 
653 |a Economía social 
653 |a Economía de mercado 
653 |a Biblioteca TC 
859 |a CEMS  |b BIB. CEMS - 11 de abril  |h TC  |p 1232.013  |t Ej.1